Co to za pająk? #1 - Statystyki

Ogólne statystyki
  • Ten quiz został rozwiązany 39 razy
  • Średni wynik to 6 z 24
Statystyki odpowiedzi
Obrazkowy Hint Odpowiedź % Poprawnych
x paskowany Tygrzyk
100%
x nadwodny Bagnik
75%
x pospolity Kosarz
50%
Rozciągnik x Mchuś
50%
x zielonawy Spachacz
50%
x drobny Nasosznik
38%
x plamisty Zyzuś
38%
x skalny Czyhak
25%
x zachodni Gryziel
25%
Cofnik
13%
x wiosenny Czaik
13%
x ognisty Drobnik
13%
x garbusek Guzoń
13%
Klejnotnik
13%
x podkamiennik Knap
13%
x długonogi Łabuń
13%
x ziemny Norosz
13%
x natrawny Pyrgun
13%
Liścianek x Sektornik
13%
Tkaniec
13%
x wydmowiec Wilkosz
13%
x nadrzewny Motacz
0%
Prząstnik
0%
x tygrysi Wałęsak
0%
Nie znaleziono quizów pasujących do podanych kryteriów
Rozkład punktacji
Procent ludzi z każdym wynikiem
Percentyl według liczby udzielonych odpowiedzi
Twoja historia wyników
Nie rozwiązałeś tego quizu